000 00569nam a2200181Ia 4500
008 100920s9999 xx 000 0 und d
082 _b94244
_a200 0
100 _aअळतेकर सदाशीव.
245 _aसुलभ दासबोध.
260 _bअळतेकर सदाशीव कर्हाड.
_c0
300 _a362
_bसाधी
365 _b1
520 _aधार्मिक.
630 _aसुलभ दासबोध.
650 _aधार्मिक.
730 _aसुलभ दासबोध.
942 _cBOOK
999 _c734687
_d734684